Missing Word: Life and Death Movies Quiz Stats

 Plays Quiz Updated Jul 1, 2014

Support Sporcle.
Go Orange.
Score 0/16 Timer 03:00
1 Play Today
Title Missing Word % Correct
It's a _________ LifeWonderful
91.5%
I ____ You to DeathLove
90.2%
Death _______ HerBecomes
85.8%
Life of __Pi
82.8%
Dan in ____ LifeReal
74.9%
The ______ Life of BeesSecret
72.9%
Life of _____Brian
67.7%
Death at a _______Funeral
66.3%
Title Missing Word % Correct
The Life _____ with Steve ZissouAquatic
65.2%
Death on the ____Nile
54.4%
A ____ LifeBug's
54.3%
Death ____Wish
53.1%
Death ____ 2000Race
48%
______ by DeathMurder
43.6%
Death to _______Smoochy
38.5%
The Life of _____ GaleDavid
33.9%

Today's Daily Dose

You're not logged in!

Compare scores with friends on all Sporcle quizzes.
OR
Log In

From the Vault

Famous 'Directed By' Screen Credits II

by codename

Another quiz for those who actually watch the credits.
Remove Ads.
Support Sporcle.
Get the best of Sporcle when you Go Orange. This ad-free experience offers more features, more stats, and more fun while also helping to support Sporcle. Thank you for becoming a member.

Show Comments

Extras

Top Quizzes Today


Score Distribution

Your Account Isn't Verified!

In order to create a playlist on Sporcle, you need to verify the email address you used during registration. Go to your Sporcle Settings to finish the process.

Report this User

Report this user for behavior that violates our Community Guidelines.

Details: